000
00296nam a22001337a 4500
008
170512b xxu||||| |||| 00| 0 eng d
020
_a
2900138146244
041
_a
eng
080
_2
3RD
_a
94(7/8)
100
_a
15
101
_a
SHH
245
_a
AMERICAN DESTINY
_c
CARNES, M.C
942
_2
udc
_c
BK
999
_c
13327
_d
13327